Skład Barcelony Sezon 25-26 - Statystyki

Ogólne statystyki
  • Ten quiz został rozwiązany 328 razy
    267 od ostatniego zresetowania
  • Średni wynik to 19 z 23
Statystyki odpowiedzi
pozycja odpowiedzi % Poprawnych
BR Szczęsny
98%
N Lewandowski
97%
PS Yamal
96%
BR Joan Garcia
95%
ŚP Pedri
94%
ŚO Eric Garcia
92%
N Ferran Torres
92%
PO Kounde
92%
BR Ter Stegen
89%
LS Raphinha
88%
ŚO Araujo
87%
LO Balde
87%
ŚO Cubarsi
87%
ŚP Pablo Gavi
86%
ŚP Frenkie De jong
81%
ŚPO Fermin Lopez
79%
LS Marcus Rashford
79%
ŚPO Dani Olmo
78%
LO Gerard Martin
72%
ŚO Christensen
69%
ŚPD Marc Casado
64%
ŚPD Marc Bernal
56%
PS Roony Bardghji
41%
Nie znaleziono quizów pasujących do podanych kryteriów
Rozkład punktacji
Procent ludzi z każdym wynikiem
Percentyl według liczby udzielonych odpowiedzi
Twoja historia wyników
Nie rozwiązałeś tego quizu od ostatniego zresetowania